Evidence-based mental health.

Bibliographic Details
Uniform Title:Evidence-based mental health (Online)
Format: Journal
Language:English
Published: London : BMJ Pub. Group, 1998-
Subjects:
Online Availability: Check for online availability

MARC

Tag First Indicator Second Indicator Subfields
LEADER 00000cas a2200000Ia 4500
001 in00002000684
005 20151031122200.0
006 m f d
008 011218c19989999enkqr pss 0 a0eng d
019 |a 47267214 
022 |y 1362-0347 
035 |a (OCoLC)ocm48632301 
040 |a FQM  |c FQM  |d OCLCQ  |d UtOrBLW 
049 |a TXAM 
096 |a INTERNET 
130 0 |a Evidence-based mental health (Online) 
245 1 0 |a Evidence-based mental health. 
246 3 |a EBMH online 
264 1 |a London :  |b BMJ Pub. Group,  |c 1998- 
336 |a text  |b txt  |2 rdacontent 
337 |a computer  |b c  |2 rdamedia 
338 |a unspecified  |b zu  |2 rdacarrier 
362 0 |a Full text v. 1, no. 1 (1998)- 
530 |a Also issued in print, 16mm and 35mm microfilm, and microfiche. 
538 |a Mode of access: World Wide Web. 
500 |a Electronic resource. 
650 2 |a Mental Disorders  |v Periodicals. 
650 2 |a Evidence-Based Medicine  |v Periodicals. 
650 2 |a Mental Health  |v Periodicals. 
650 2 |a Mental Disorders. 
650 2 |a Evidence-Based Medicine. 
650 2 |a Mental Health. 
776 1 |t Evidence-based mental health  |x 1362-0347  |w (OCoLC)39789974 
948 |a cataloged  |b h  |c 2004/10/12  |d c  |e rstovall5  |f 2:42:09 pm 
994 |a E0  |b TXA 
999 |a MARS 
999 f f |s d227f25f-e7ee-38d3-8807-615fd73c8573  |i afebf5ec-700e-37f4-bb4e-8c7a3566c822  |t 0 
952 f f |a Texas A&M University  |b College Station  |c Electronic Resources  |d Available Online  |t 0  |g Electronic  |h No information provided 
998 f f |t 0  |l Available Online